|
|
|
|
| LEADER |
02907nam a22004575i 4500 |
| 001 |
978-3-319-32982-6 |
| 003 |
DE-He213 |
| 005 |
20160812200523.0 |
| 007 |
cr nn 008mamaa |
| 008 |
160812s2016 gw | s |||| 0|eng d |
| 020 |
|
|
|a 9783319329826
|9 978-3-319-32982-6
|
| 024 |
7 |
|
|a 10.1007/978-3-319-32982-6
|2 doi
|
| 040 |
|
|
|d GrThAP
|
| 050 |
|
4 |
|a RC1200-1245
|
| 072 |
|
7 |
|a MMS
|2 bicssc
|
| 072 |
|
7 |
|a MED084000
|2 bisacsh
|
| 082 |
0 |
4 |
|a 617.1027
|2 23
|
| 245 |
1 |
0 |
|a Endurance Sports Medicine
|h [electronic resource] :
|b A Clinical Guide /
|c edited by Timothy L Miller.
|
| 264 |
|
1 |
|a Cham :
|b Springer International Publishing :
|b Imprint: Springer,
|c 2016.
|
| 300 |
|
|
|a XIII, 339 p. 154 illus., 111 illus. in color.
|b online resource.
|
| 336 |
|
|
|a text
|b txt
|2 rdacontent
|
| 337 |
|
|
|a computer
|b c
|2 rdamedia
|
| 338 |
|
|
|a online resource
|b cr
|2 rdacarrier
|
| 347 |
|
|
|a text file
|b PDF
|2 rda
|
| 505 |
0 |
|
|a Preface -- Part 1. Medical Conditions -- 1. Cardiovascular Conditions Affecting Endurance Athletes -- 2. Exercise-Induced Asthma and Vocal Cord Dysfunction in the Endurance Athlete -- 3. Evaluation and Treatment of Heat and Altitude-Related Illness -- 4. Pregnancy and the Endurance Athlete -- 5. Gender Differences: Considerations for the Female Endurance Athlete -- 6. Considerations for the Pediatric Endurance Athlete -- Part 2. Musculoskeletal Conditions -- 7. Treatment of Stress Fractures -- 8. Treatment of Soft Tissue Overuse Injuries -- 9. Exertional Compartment Syndrome and Leg Pain in the Running Athlete -- 10. Shoulder Injuries and Conditions in Swimmers -- 11. Injuries and Conditions in the Rower -- 12. Common Injuries and Conditions in Cross-Fit Participation -- 13. Hip Injuries and Conditions in the Endurance Athlete -- 14. Exercise and Osteoarthritis: The Effect of Running with Aging in the Master’s Level Endurance Athlete -- Part 3. Special Considerations -- 15. Clinical Aspects of Running Gait Analysis -- 16. Bike fitting for Optimal Performance -- 17. Clinical Applications of Swim-Stroke Analysis -- 18. Mental Preparation for Endurance Sporting Events -- 19. Optimizing Nutrition for Endurance Training -- 20. Organizing Medical Coverage for Endurance Sporting Events -- 21. Return to Sport Decision Making for Endurance Athletes- Integrating the Treatment Team -- Index.
|
| 520 |
|
|
|a true.
|
| 650 |
|
0 |
|a Medicine.
|
| 650 |
|
0 |
|a Orthopedics.
|
| 650 |
|
0 |
|a Primary care (Medicine).
|
| 650 |
|
0 |
|a Sports medicine.
|
| 650 |
1 |
4 |
|a Medicine & Public Health.
|
| 650 |
2 |
4 |
|a Sports Medicine.
|
| 650 |
2 |
4 |
|a Orthopedics.
|
| 650 |
2 |
4 |
|a Primary Care Medicine.
|
| 700 |
1 |
|
|a Miller, Timothy L.
|e editor.
|
| 710 |
2 |
|
|a SpringerLink (Online service)
|
| 773 |
0 |
|
|t Springer eBooks
|
| 776 |
0 |
8 |
|i Printed edition:
|z 9783319329802
|
| 856 |
4 |
0 |
|u http://dx.doi.org/10.1007/978-3-319-32982-6
|z Full Text via HEAL-Link
|
| 912 |
|
|
|a ZDB-2-SME
|
| 950 |
|
|
|a Medicine (Springer-11650)
|